01451nam a2200337 a 4500001001000000003000500010005001700015008004100032010001100073011001100084040000900095090001000104100003900114245016300153260004100316500006000357502008200417590004000499590004000539650003400579650003000613650004100643650005100684856007000735901000700805942001000812942000600822999001900828952013100847952013500978000113675CHAP20220329144407.0170906s2017 mx a fsm |||||||spa d a110136 a111108 cCHAP aTesis1 aSimón Guzmán, Adelaida913322410aPropuesta de plan de manejo de residuos sólidos en la comunidad de San Miguel del Progreso, Tlaxiaco, Oaxaca /h[En línea]cpor Adelaida Simón Guzmán. aChapingo, Méx. :bEl autor,c2017. aPara ver el contenido del material haga clic en la liga aTesis (Ing. en Recursos Naturales Renovables) -- UACH. Departamento de Suelos aE6096MTMb05c20170906lUCH01h1322 aE6096MTMb05c20170906lUCH01h132314aBasuraxEliminación.91075914aBasuraxReciclaje.91076014aResiduos sólidosxControl.913227414aResiduos sólidosxImpacto ambiental.9132275 aFinding aiduhttp://10.13.5.2/tesis/sist113675.pdfzTeclea aquí aBK cTESIS n0 c110136d110136 00104054718TESISaBCbBCd2017-09-06fTESISl0oTesisp113677-10r2019-12-31 00:00:00w2019-12-31yTESISzRecien adquirido 00102local4053708TESISaBCbBCcPA_TESISd2017-09-06fTESISl0oTesisp113677-20r2019-12-31 00:00:00tc.2w2019-12-31yTESIS